| 000 | 00393pab a2200169 454500 | ||
|---|---|---|---|
| 008 | 180718b1974 xxu||||| |||| 00| 0 eng d | ||
| 100 | _aHebbalkar, B.G. | ||
| 245 | _aFinance for industry | ||
| 260 | _c1974 | ||
| 300 | _ap.623-637. | ||
| 362 | _aJul-Sep | ||
| 650 | _aFinance | ||
| 650 | _aIndustry | ||
| 773 | _aIndian Journal of Public Administration | ||
| 908 | _aN | ||
| 909 | _a99889 | ||
| 999 |
_c99888 _d99888 |
||